000 00628nam a2200217Ia 4500
005 20230828093951.0
008 131103s9999 xx 000 0 und d
020 _cRs.19.50
040 _aLoreto College
041 _aEnglish
082 _a915.52
_bJOS
100 _aJoshi,K.L.
245 _aGeography of Himachal Pradesh
_cK.L.Joshi
260 _aNew Delhi
_bNational Book Trust
_c1984
300 _a[7],243 p.
_b ill.,dia.,maps,photos
440 _aIndia - The Land And The People
504 _aIncludes bibliographical references and index
650 _aHimachal Pradesh - Geography
850 _aLCLIB
942 _cBK
999 _c3542
_d54021